Fuzzy-Neural control : (Record no. 63027)

MARC details
000 -LEADER
fixed length control field 00587nam a22001697a 4500
005 - DATE AND TIME OF LATEST TRANSACTION
control field 20120216150157.0
020 ## - INTERNATIONAL STANDARD BOOK NUMBER
International Standard Book Number 8120313682
Terms of availability 125.00
035 ## - SYSTEM CONTROL NUMBER
System control number A-950963
037 ## - SOURCE OF ACQUISITION
Stock number DPL
Source of stock number/acquisition ENG
100 ## - MAIN ENTRY--PERSONAL NAME
Personal name Nie, Junhong
245 ## - TITLE STATEMENT
Title Fuzzy-Neural control :
Remainder of title Principles, algorithms and applications /
Statement of responsibility, etc by Junhong Nie and Derek A. Linkens
260 ## - PUBLICATION, DISTRIBUTION, ETC. (IMPRINT)
Place of publication, distribution, etc New Delhi
Name of publisher, distributor, etc PHI
Date of publication, distribution, etc 1995
300 ## - PHYSICAL DESCRIPTION
Extent ix, 243p.
Dimensions 22 cms.
700 ## - ADDED ENTRY--PERSONAL NAME
Personal name Linkens, Derek A.
9 (RLIN) 42334
942 ## - ADDED ENTRY ELEMENTS (KOHA)
Source of classification or shelving scheme Dewey Decimal Classification
Item type English Books
Classification part 006
Call number suffix NIE
Holdings
Withdrawn status Lost status Not for loan Collection code Home library Current library Date acquired Cost, normal purchase price Full call number Barcode Cost, replacement price Koha item type
      Non-fiction Sarojini Nagar Sarojini Nagar 16/02/2012 125.00 006 NIE B-950963 125.00 English Books

© Delhi Public Library
Hit Counter
free hit counter